Countries Whose Leader Tested Positive for COVID 19 - Statistics

General Stats
  • This quiz has been taken 152 times
    106 since last reset
  • The average score is 12 of 32
Answer Stats
Leader's occupation Country % Correct
President United States
99%
Prime Minister United Kingdom
91%
President France
86%
Prime Minister Russia
74%
President Brazil
71%
President Mexico
64%
President Argentina
53%
(Disputed) President Venezuela
51%
Chancellor Austria
47%
President Ukraine
45%
President Poland
42%
President Belarus
37%
Prime Minister Slovakia
34%
President Algeria
32%
Prince Monaco
30%
Prime Minister Bulgaria
29%
President Honduras
29%
President Guatemala
27%
Prime Minister + President Armenia
26%
Interim President Bolivia
26%
President Dominican Republic
26%
Prime Minister Croatia
24%
Prime Minister Bosnia and Herzegovina
23%
Prime Minister Luxembourg
22%
Prime Minister Georgia
20%
President Tanzania
20%
Prime Minister Kosovo
17%
President Suriname
17%
Prime Minister Trinidad and Tobago
11%
President Burundi
9%
Prime Minister Eswatini
9%
Prime Minister Guinea Bissau
5%
No matching quizzes found
Score Distribution
Percent of People with Each Score
Percentile by Number Answered
Your Score History
You have not taken this quiz since the last reset